The Golden Road to English Literature
Colección literaria que Ball trabajó, recogiendo varias obras de la literatura inglesa. Contiene varios fragmentos de obras de diferentes autores, entre ellos se pueden encontrar a Joseph Conrad, William Blake, Christopher Marlowe y Jonathan Swift.
Salvato in:
| Autore principale: | |
|---|---|
| Natura: | Libro |
| Lingua: | Undetermined |
| Pubblicazione: |
Londres, Inglaterra
Longmans
1960
|
| Soggetti: | |
| Tags: |
Aggiungi Tag
Nessun Tag, puoi essere il primo ad aggiungerne!!
|
MARC
| LEADER | 00000nam a2200000Ia 4500 | ||
|---|---|---|---|
| 008 | 170316s9999 xx 000 0 und d | ||
| 040 | |a cru BVZT | ||
| 090 | |a 820 B-4g | ||
| 100 | |a Ball, W. J. | ||
| 245 | 4 | |a The Golden Road to English Literature | |
| 260 | |a Londres, Inglaterra | ||
| 260 | |b Longmans | ||
| 260 | |c 1960 | ||
| 300 | |a 136 páginas | ||
| 520 | |a Colección literaria que Ball trabajó, recogiendo varias obras de la literatura inglesa. Contiene varios fragmentos de obras de diferentes autores, entre ellos se pueden encontrar a Joseph Conrad, William Blake, Christopher Marlowe y Jonathan Swift. | ||
| 650 | |a LITERATURA INGLESA |9 12 | ||
| 999 | |c 6750 |d 6750 | ||
| 942 | |c 15 D |h 820 B-4g |2 z | ||
